Nhà triệu phú bất hạnh = The inheritors
Câu chuyện kể về cuộc đời của Stivơ Gontơ. Sinh ra trong một gia đình giàu có, cha mẹ mất vì một tai nạn phi lý khi mới lên 16 tuổi, chàng trai trẻ Stivơ bằng tài năng, trí thông minh và nghị lực đã khẳng định được vị trí của mình trong xã họ...
Saved in:
| Main Author: | |
|---|---|
| Format: | Book |
| Language: | Undetermined |
| Published: |
Hà Nội
Văn học
2011
|
| Subjects: | |
| Tags: |
Add Tag
No Tags, Be the first to tag this record!
|
| Institutions: | Trung tâm Học liệu Trường Đại học Cần Thơ |
|---|
| LEADER | 01416nam a2200217Ia 4500 | ||
|---|---|---|---|
| 001 | CTU_175126 | ||
| 008 | 210402s9999 xx 000 0 und d | ||
| 020 | |c 88000 | ||
| 082 | |a 813.54 | ||
| 082 | |b R632 | ||
| 100 | |a Robbins, Harold | ||
| 245 | 0 | |a Nhà triệu phú bất hạnh = | |
| 245 | 4 | |b The inheritors | |
| 245 | 0 | |c Harold Robbins ; Xuân Du (Người dịch) | |
| 260 | |a Hà Nội | ||
| 260 | |b Văn học | ||
| 260 | |c 2011 | ||
| 520 | |a Câu chuyện kể về cuộc đời của Stivơ Gontơ. Sinh ra trong một gia đình giàu có, cha mẹ mất vì một tai nạn phi lý khi mới lên 16 tuổi, chàng trai trẻ Stivơ bằng tài năng, trí thông minh và nghị lực đã khẳng định được vị trí của mình trong xã hội và gặt hái được rất nhiều thành công trong sự nghiệp. Giàu có, hào hoa, đa tình và có sức quyến rũ chết người nhưng cuộc sống tình cảm riêng tư của anh lại không hề may mắn, mở đầu là cái chết của người vợ trẻ Barbara cùng với đứa con vẫn còn đang nằm trong bụng mẹ... | ||
| 650 | |a English fiction,Tiểu thuyết Anh-Mỹ | ||
| 904 | |i Hằng Ni, Năm | ||
| 980 | |a Trung tâm Học liệu Trường Đại học Cần Thơ | ||